Quizzes
Events
Quiz Creation
Community
Videos
Private Events
Remove Ads
Sign In
Join for FREE
Feedback
Dark Mode
Quiz Categories
Sports
Geography
Music
Movies
Television
Just For Fun
Miscellaneous
History
Literature
Language
Science
Gaming
Entertainment
Religion
Holiday
For Kids
Quiz Lab
Recent
Popular Today
Quiz Kudos Today
Editor Picks
Curator Picks
Quizzes by...
Day
Popularity
Type
Ratings
Length
Year
Community
Subscriptions
Recent Discussions
Orange Saloon
Badges
Playlists
Quests
Create
Leaderboards
Showdown
Live 5
Trivia Bingo
Activity
Puzzle Library
Sporcle Events
Private Events
Virtual Trivia
Globe League
Become a Host
Pub Owners
SporcleCon
Opinionation
Our Games
Videos
Blog
Mobile Apps
Partnerships
Remove Ads and Go Orange
Feedback
Music
Pop Music
The Beatles
Song
Album
Lyrics
Bands
Singers
Artist
Clip
Rock
Rap
Classical
Billboard
Country Music
Kpop
Taylor Swift
Music
Pop Music
The Beatles
Song
Album
Lyrics
Bands
Singers
Artist
Clip
Rock
Rap
Classical
Billboard
Country Music
Kpop
Taylor Swift
Random Quiz
Search Sporcle
×
Quiz Lab
Quiz Lab
Music
Billboard
Type in answers that appear in a list
Type in answers that appear in a list
Classic
Best Score? Go Orange.
Billboard's Top 100 Albums of 1985 Stats
Can you name the Billboard's Top 100 Albums of 1985?
By
Alstair
10m
100 Questions
3,403 Plays
3,403 Plays
3,403 Plays
Comments
Comments
Give Quiz Kudos
Give Quiz Kudos
-
- Ratings
hide this ad
More Info
Replay
Link that replays current quiz
Next Quiz
Link to next quiz in quiz playlist
You Got
0%
They Got
Avg Score
54%
Avg Friend Score
Upgrade to see
Score Distribution
Jump to the score distribution portion of the page
Score
0/100
Timer
10:00
0
Plays Today
Album
Artist
% Correct
Born In the U.S.A.
Bruce Springsteen
98.5%
Born To Run
Bruce Springsteen
98.5%
Like A Virgin
Madonna
98.3%
[Self-
Titled] (M)
Madonna
98.3%
Purple Rain
Prince & the Revolution
97.4%
Around the World In A Day
Prince & the Revolution
97.4%
1999
Prince & the Revolution
97.4%
Private Dancer
Tina Turner
93.9%
No Jacket Required
Phil Collins
93.2%
Face Value
Phil Collins
93.2%
Beverly Hills Cop
Soundtrack
91.4%
The Big Chill
Soundtrack
91.4%
The Breakfast Club
Soundtrack
91.4%
An Innocent Man
Billy Joel
89.4%
Greatest Hits, Vol. I & II (BJ)
Billy Joel
89.4%
The Woman In Red
Stevie Wonder
89.3%
Sports
Huey Lewis & the News
88.4%
Brothers In Arms
Dire Straits
87.6%
1984
Van Halen
86.9%
She's So Unusual
Cyndi Lauper
86.8%
We Are the World
USA For Africa
86%
Amadeus
Soundtrack
83.4%
The Unforgettable Fire
U2
82.9%
Can't Slow Down
Lionel Richie
80.8%
Eliminator
ZZ Top
80.6%
Songs From the Big Chair
Tears For Fears
80%
[Band Name] 17 (C)
Chicago
79.4%
The Dream Of the Blue Turtles
Sting
75.8%
Centerfield
John Fogerty
75.2%
Reckless
Bryan Adams
75%
Make It Big
Wham!
73%
Agent Provocateur
Foreigner
70.8%
Arena
Duran Duran
70.3%
[Self-
Titled] (WH)
Whitney Houston
69.1%
Album
Artist
% Correct
I Feel For You
Chaka Khan
68.7%
Voices Carry
'Til Tuesday
68.6%
Building the Perfect Beast
Don Henley
68.1%
Valotte
Julian Lennon
67.3%
Heartbeat City
The Cars
67%
Theatre Of Pain
Mötley Crüe
66.3%
Nightshift
The Commodores
66%
Stop Making Sense
Talking Heads
65.7%
Rhythm Of the Night
DeBarge
64.8%
Suddenly
Billy Ocean
64.1%
Southern Accents
Tom Petty & the Heartbreakers
62.3%
Rock Me Tonight
Freddie Jackson
62.2%
Big Bam Boom
Hall & Oates
62%
7800 Fahrenheit
Bon Jovi
61.4%
[Self-
Titled] (NE)
New Edition
57.6%
Welcome To the Pleasuredome
Frankie Goes To Hollywood
57.5%
[Self-
Titled] (H)
Heart
55.3%
Crazy From the Heat
David Lee Roth
54.6%
[Self-
Titled] (K & TW)
Katrina & the Waves
54.4%
Diamond Life
Sade
53.9%
Wheels Are Turnin'
REO Speedwagon
51.5%
Emergency
Kool & the Gang
50.3%
Solid
Ashford & Simpson
46.5%
Animalize
KISS
46.4%
Swept Away
Diana Ross
44.7%
Breakout
The Pointer Sisters
44.6%
King Of Rock
Run-DMC
44.2%
The Allnighter
Glenn Frey
43.6%
Stay Hungry
Twisted Sister
43%
Dream Into Action
Howard Jones
40.9%
Vox Humana
Kenny Loggins
40%
Invasion Of Your Privacy
Ratt
39.3%
She's the Boss
Mick Jagger
38.3%
Tao
Rick Springfield
37.6%
Album
Artist
% Correct
How Will the Wolf Survive
Los Lobos
37%
40-
Hour Week
Alabama
34.2%
Nervous Night
Hooters
34.1%
Vital Signs
Survivor
33.7%
Be Yourself Tonight
Eurythmics
33.7%
A Private Heaven
Sheena Easton
33%
The Secret Of Association
Paul Young
30.9%
[Self-
Titled] (TPS)
The Power Station
29.3%
Chinese Wall
Philip Bailey
28.7%
Seven Wishes
Night Ranger
28.3%
Tooth and Nail
Dokken
27.7%
Some Great Reward
Depeche Mode
27.5%
Meeting In the Ladies Room
Klymaxx
27%
Ice Cream Castle
Time
26.9%
[Self-
Titled] (JJR)
Jesse Johnson's Revue
24.4%
The Night I Fell In Love
Luther Vandross
24.1%
Perfect Strangers
Deep Purple
23.6%
Sign In Please
Autograph
20.5%
Starchild
Teena Marie
16.6%
[Self-
Titled] (A)
Animotion
15.4%
Volume One
Honeydrippers
14.7%
[Self-
Titled] (TF)
The Firm
14.1%
Thunder Seven
Triumph
13.2%
Only For You
Mary Jane Girls
12.4%
[Self-
Titled] (G)
Giuffria
12.2%
[Self-
Titled] (FB)
Fat Boys
12.2%
Maverick
George Thorogood
11.5%
Don't Stop
Jeffrey Osborne
11.4%
All the Rage
General Public
10.9%
Escape
Whodini
10.2%
[Self-
Titled] (GW)
Go West
10.1%
Planetary Invasion
Midnight Star
8.9%
Quiz Playlist
Details
Report
Send in Message
Add To Playlist
More Info:
Self-titled and greatest hits albums (aside from hits compilations with distinct or unique titles) will be accompanied by the artist's initials.
Classic:
Type in answers that appear in a list
Quiz Source
Last Updated: Oct 19, 2018
Quiz Scoreboard
CHALLENGE
Sign Up to Join the Scoreboard
Show All
Scores
Hide
Comments
May contain spoilers
Recently Published
9x9 Crossword: Cartoon Network
by jackfrog10
Miscellaneous
3m
College Basketball Coaching Resumes
by pancakes188
Sports
9m
Billboard Blitz: Fleetwood Mac
by CooCooCachoo
Music
15s
More to Explore
Quiz From the Vault
Featured Blog Post
Where Did the Easter Bunny Come From?
hide this ad
You Might Also Like...
Tags
Album Quiz
Billboard Quiz
1985
Best Selling
chart
Chart Topping
Music Charts
Top 100
Today's Top Quizzes in Music
Browse Music
hide this ad
Today's Top Quizzes in Billboard
Browse Billboard
Top Contributed Quizzes in Music
1
Taylor Swift All Songs (2024)
2
Guess the Artist- 70s Songs
3
7-to-1: Billboard Hot 100 #1 Hits of 2010s
4
Taylor Swift Logic Puzzle
5
Sorting Albums and Songs
6
KPOP LOGIC QUIZ
7
Guess the Taylor Swift song (Mystery Song)
8
Guess The Taylor Swift Lyrics Song #1
9
Billboard Blitz: ABBA
10
Billboard Blitz: The Beatles
Explore More
Trending Topics
Disney
Marvel
Crossword
Kpop
Harry Potter
NBA
Anime
NFL
The Office
Soccer
WWE
Song
Country
Pokémon
Puzzle
hide this ad
More By:
Alstair
Quiz
Plays
Rating
Category
Featured
Created
A Decade of iTunes
47,369
4.54
Music
Apr 27, 2013
Britain's Biggest Singles of the 2000s
23,483
4.68
Music
Oct 22, 2012
A Decade of iTunes (Albums)
8,803
4.18
Music
Apr 29, 2013
Top 100 Greatest Hair Metal Songs
8,091
4.56
Music
Apr 8, 2012
Billboard's Top 100 Albums of 1984
6,732
4.77
Music
Jan 30, 2012
Go to Creator's Profile
Score Distribution
Quiz Creator Spotlight
Alstair
Follow
Send a Message
Quizzes Created
-
Created Quiz Play Count
-
More By This Creator
Popular Quizzes Today
1
Find the US States - No Outlines Minefield
2
Find the Countries of Europe - No Outlines Minefield
3
The Countries of the World
4
Find the US States
5
Risky Map Clicking: Biggest States A-Z
6
US States
7
Popular People in 1961
8
Movies - When Are They Set?
More Music Quizzes
1980s Album Cover Bunker
Published
Trending Quizzes
Risky Map Clicking: Least Populous States A-Z
1-10 Letter G Words
Risky Map Clicking: Next State Alphabetically
Adjectives in 80s TV Shows
Risky Map Clicking: Biggest States A-Z
Recently Updated
Leaping Animals
pecheneg
Reality TV Shows (A-Z)
bhenderson79
Rickey Henderson's Hall of Fame Teammates
pecheneg
Champions League XIs: Arsenal
pecheneg
Quick Pick: Celebrities in WWE's Hall of Fame
aduchscher
A-Z Keypad Blitz II
pecheneg
Multiple Oscar Actors
pecheneg
Mystery Phrase Blitz: Oscar 'Best Actors'
pecheneg
F. Scott Fitzgerald Novels
LTH
Pick 3 Villains
ddd62291
Trending Topics
NBA
Disney
Harry Potter
Crossword
Marvel
Anime
Kpop
The Office
Puzzle
Pokémon
Song
Country
WWE
Soccer
NFL
Your Account Isn't Verified!
In order to create a playlist on Sporcle, you need to verify the email address you used during registration. Go to your
Sporcle Settings
to finish the process.
Report this User
Report this user for behavior that violates our
Community Guidelines
.
Details:
Send Report
Go to the Sporcle.com Mobile Site →
Comments